00386nam a2200133Ia 4500008004100000040001800041041000800059100003000067245005000097260004400147300001700191650002400208650002000232130821s1964 fr gr fre  aCo-BoUCMbspa afre aHugo, Victor Marie, Conde aLes miserables IIbCosettecVictor Marie Hugo aParís (Francia)bLibr. Hachettec1964 a79 páginas04aLiteratura francesa04aNovela francesa